[Event "Fagernes GM Swiss 2020"]
[Site "Fagernes"]
[Date "2020.10.06"]
[Round "3.19"]
[White "Grover, Sigurd Loe"]
[Black "Mansoor, Afras"]
[Result "0-1"]
[WhiteElo "2145"]
[BlackElo "2117"]
[Annotator "TA"]
[PlyCount "68"]
[EventDate "2020.10.04"]
[EventType "swiss"]
[EventCountry "NOR"]
[SourceTitle "playchess.com"]
[Source "ChessBase"]
[SourceQuality "1"]

{[%evp 23,68,25,25,29,33,23,37,-13,49,48,66,35,36,24,24,10,8,0,0,-8,10,20,10,14,34,-102,-88,-169,-91,-122,-109,-666,-660,-700,-300,-1106,-743,-983,-973,-1735,-1583,-29983,-29984,-6387,-1314,-29991,-29992]} 1. d4 Nf6 2. Nf3 g6 3. c4 Bg7 4. Nc3 d6 5. e4 O-O 6. Be2 e5 7. O-O Nc6 8. d5 Ne7 9. Ne1 Nd7 10. Nd3 f5 11. Bd2 f4 12. Bg4 Nf6 13. Bxc8 {E98: King's Indian: Classical Main Line: 9 Ne1.} Rxc8 14. f3 g5 15. c5 {White is slightly better.} Ng6 (15... c6 $11) 16. Rc1 $14 Rf7 17. Qe2 Bf8 {[#]} 18. cxd6 $146 ({Predecessor:} 18. b4 h5 19. h3 Rh7 20. Kf2 g4 21. hxg4 hxg4 22. fxg4 Nd7 23. Rh1 Rf7 24. c6 bxc6 25. dxc6 {0-1 (34) Trifonova,S (1908)-Iskandarova,S Herceg Novi 2006}) 18... cxd6 19. b3 Rg7 20. Nb5 Rxc1 21. Rxc1 Qb6+ 22. Nf2 g4 23. fxg4 h5 {[#] aiming for ...Nxg4.} 24. Kh1 ({Of course not} 24. gxh5 Nh4 $17) (24. g5 $14 {stays ahead.} Nxe4 25. Ba5 (25. Qxe4 Qxb5 26. Qc4 Qxc4 $11) 25... Qxf2+ 26. Qxf2 Nxf2 27. Kxf2) 24... hxg4 $17 25. Na3 (25. g3 $17) 25... Nh4 (25... g3 $19 26. Ng4 Nxg4 27. Qxg4 Qf2) 26. Nc4 Qd8 {Hoping for ...Nxg2!} 27. Qd3 $2 {[%mdl 8192] White does not recover from this.} (27. g3 $17 b5 28. Na3 (28. gxh4 bxc4 29. Rxc4 Qd7 $17)) 27... g3 $19 28. Nh3 b5 (28... f3 $142 29. gxf3 Qd7) 29. Na5 $2 (29. Ne3) 29... gxh2 30. Nc6 Qd7 {[#] Strongly threatening ...Qg4.} 31. Be1 Nxg2 32. Kxh2 Nxe1 33. Rxe1 Rg3 (33... Ng4+ $142 34. Kh1 Ne3 35. Rxe3 fxe3 36. Qxe3 Qg4 37. Ng5 Rxg5 38. Qxg5+ Qxg5 39. Kh2 Qh4+ {[%mdl 64] Double Attack} 40. Kg1 Bh6 41. Kg2 Be3 42. Ne7+ Qxe7 43. Kg3 Qg5+ 44. Kf3 Qf4+ 45. Kg2 Qg4+ 46. Kf1 Qg1+ 47. Ke2 Qf2+ 48. Kd3 Qd2#) 34. Qf1 Ng4+ {Accuracy: White = 26%, Black = 58%.} 0-1

[Event "Fagernes GM Swiss 2020"]
[Site "Fagernes"]
[Date "2020.10.06"]
[Round "3.20"]
[White "Oye-Stromberg, Alexander"]
[Black "Tenold, Andreas"]
[Result "1/2-1/2"]
[WhiteElo "2048"]
[BlackElo "1935"]
[Annotator "RC"]
[PlyCount "110"]
[EventDate "2020.10.04"]
[EventType "swiss"]
[EventCountry "NOR"]
[SourceTitle "playchess.com"]
[Source "ChessBase"]
[SourceQuality "1"]
[TimeControl "40/6000+30:2400+30"]

1. e4 {[%emt 0:00:00]} c5 {[%emt 0:00:00]} 2. a3 {[%emt 0:01:07]} g6 {[%emt 0:00:04]} 3. b4 {[%emt 0:00:08]} Bg7 {[%emt 0:00:06]} 4. Nc3 {[%emt 0:00:05]} d6 {[%emt 0:00:20]} 5. Rb1 {[%emt 0:00:06]} Nf6 {[%emt 0:00:40]} 6. g3 {[%emt 0:00:06]} cxb4 {[%emt 0:00:55]} 7. axb4 {[%emt 0:00:08]} d5 {[%emt 0:00:06]} 8. Bg2 {[%emt 0:26:01]} dxe4 {[%emt 0:01:23]} 9. Nxe4 {[%emt 0:00:23]} Nxe4 {[%emt 0:00:49]} 10. Bxe4 {[%emt 0:00:05]} O-O {[%emt 0:00:12]} 11. Ne2 {[%emt 0:00:24]} Nc6 {[%emt 0:00:51]} 12. Bg2 {[%emt 0:03:40]} Bg4 {[%emt 0:04:44]} 13. h3 {[%emt 0:03:09]} Be6 {[%emt 0:04:20]} 14. O-O {[%emt 0:03:26]} Ba2 {[%emt 0:20:42]} 15. b5 {[%emt 0:09:29]} Bxb1 {[%emt 0:03:04]} 16. bxc6 {[%emt 0:00:17]} bxc6 {[%emt 0:04:08]} 17. d3 {[%emt 0:01:56]} Ba2 {[%emt 0:05:13]} 18. c4 {[%emt 0:03:54]} Rb8 {[%emt 0:05:05]} 19. Qd2 {[%emt 0:09:03]} Bxc4 {[%emt 0:08:10]} 20. dxc4 {[%emt 0:02:06]} Qxd2 {[%emt 0:00:08]} 21. Bxd2 {[%emt 0:00:02]} Rb2 {[%emt 0:00:14]} 22. Be3 {[%emt 0:01:29]} Rxe2 {[%emt 0:00:22]} 23. Bxc6 {[%emt 0:00:09]} Rc8 {[%emt 0:05:07]} 24. Bb5 {[%emt 0:00:08]} Ra2 {[%emt 0:00:18]} 25. c5 {[%emt 0:02:14]} Ra5 {[%emt 0:04:50]} 26. Bd7 {[%emt 0:05:54]} Rc7 {[%emt 0:02:07]} 27. c6 {[%emt 0:01:46]} Ra4 {[%emt 0:10:12]} 28. Kg2 {[%emt 0:05:07]} Bd4 {[%emt 0:12:11]} 29. Bf4 {[%emt 0:05:37]} e5 {[%emt 0:00:28]} 30. Bg5 {[%emt 0:00:40]} Rc4 {[%emt 0:01:35]} 31. Rb1 {[%emt 0:02:53]} Kg7 {[%emt 0:01:59]} 32. Rc1 {[%emt 0:04:10]} Rxc1 {[%emt 0:03:08]} 33. Bxc1 {[%emt 0:00:01]} f6 {[%emt 0:03:42]} 34. Ba3 {[%emt 0:00:06]} Bb6 {[%emt 0:06:01]} 35. f4 {[%emt 0:00:14]} e4 {[%emt 0:00:51]} 36. Bd6 {[%emt 0:00:13]} Rxd7 {[%emt 0:00:53]} 37. cxd7 {[%emt 0:00:06]} Bd8 {[%emt 0:00:05]} 38. f5 {[%emt 0:04:18]} gxf5 {[%emt 0:00:26]} 39. g4 {[%emt 0:00:04]} fxg4 {[%emt 0:01:47]} 40. hxg4 {[%emt 0:00:05]} f5 {[%emt 0:01:50]} 41. Kg3 {[%emt 0:42:31]} Kf6 {[%emt 0:04:42]} 42. Kf4 {[%emt 0:00:00]} fxg4 {[%emt 0:02:33]} 43. Kxg4 {[%emt 0:00:00]} Ke6 {[%emt 0:01:29]} 44. Bf4 {[%emt 0:00:00]} Kd5 {[%emt 0:00:43]} 45. Bg5 {[%emt 0:00:00]} Bc7 {[%emt 0:04:04]} 46. d8=Q+ {[%emt 0:00:00]} Bxd8 {[%emt 0:00:08]} 47. Bxd8 {[%emt 0:00:00]} Kd4 {[%emt 0:00:56]} 48. Kh5 {[%emt 0:00:00]} e3 {[%emt 0:00:32]} 49. Kh6 {[%emt 0:00:00]} e2 {[%emt 0:00:18]} 50. Ba5 {[%emt 0:00:00]} Kd3 {[%emt 0:00:08]} 51. Kxh7 {[%emt 0:00:00]} Kc2 {[%emt 0:00:52]} 52. Kg6 {[%emt 0:00:00]} Kd1 {[%emt 0:00:09]} 53. Kf5 {[%emt 0:00:00]} e1=Q {[%emt 0:01:11]} 54. Bxe1 {[%emt 0:00:00]} Kxe1 {[%emt 0:00:06]} 55. Ke4 {[%emt 0:00:00]} a5 {[%emt 0:00:10]} 1/2-1/2

[Event "Fagernes GM Swiss 2020"]
[Site "Fagernes"]
[Date "2020.10.06"]
[Round "3.21"]
[White "Brodtkorb, Lars Johan"]
[Black "Machlik, Monika"]
[Result "1-0"]
[WhiteElo "2166"]
[BlackElo "2082"]
[Annotator "RC"]
[PlyCount "53"]
[EventDate "2020.10.04"]
[EventType "swiss"]
[EventCountry "NOR"]
[SourceTitle "playchess.com"]
[Source "ChessBase"]
[SourceQuality "1"]
[TimeControl "40/6000+30:2400+30"]

1. Nf3 {[%emt 0:06:22]} Nf6 {[%emt 0:00:01]} 2. c4 {[%emt 0:00:13]} e6 {[%emt 0:00:07]} 3. g3 {[%emt 0:01:13]} a6 {[%emt 0:01:35]} 4. Bg2 {[%emt 0:01:36]} b5 {[%emt 0:00:08]} 5. b3 {[%emt 0:01:03]} Bb7 {[%emt 0:00:11]} 6. O-O {[%emt 0:02:08]} c5 {[%emt 0:00:13]} 7. Nc3 {[%emt 0:01:18]} Qb6 {[%emt 0:00:09]} 8. e3 {[%emt 0:02:43]} Nc6 {[%emt 0:00:12]} 9. d4 {[%emt 0:04:28]} d6 {[%emt 0:18:37]} 10. d5 {[%emt 0:06:42]} Nd8 {[%emt 0:06:41]} 11. e4 {[%emt 0:04:26]} e5 {[%emt 0:05:33]} 12. Qe2 {[%emt 0:22:57]} b4 {[%emt 0:02:38]} 13. Na4 {[%emt 0:02:38]} Qc7 {[%emt 0:00:31]} 14. Nh4 {[%emt 0:06:21]} g6 {[%emt 0:01:58]} 15. f4 {[%emt 0:00:07]} Nd7 {[%emt 0:01:19]} 16. Nb2 {[%emt 0:09:56]} Bg7 {[%emt 0:03:33]} 17. Nd3 {[%emt 0:00:06]} exf4 {[%emt 0:33:31]} 18. Bb2 {[%emt 0:07:27]} f3 {[%emt 0:07:02]} 19. Nxf3 {[%emt 0:00:42]} f6 {[%emt 0:02:59]} 20. h4 {[%emt 0:17:02]} Nf7 {[%emt 0:11:09]} 21. Ng5 {[%emt 0:03:33]} Nd8 {[%emt 0:06:24]} 22. Qg4 {[%emt 0:05:14]} Ne5 {[%emt 0:01:31]} 23. Bxe5 {[%emt 0:02:22]} dxe5 {[%emt 0:02:04]} 24. Nxh7 {[%emt 0:00:07]} Qf7 {[%emt 0:02:20]} 25. Nxe5 {[%emt 0:00:37]} f5 {[%emt 0:01:30]} 26. Nxf7 {[%emt 0:00:39]} fxg4 {[%emt 0:00:05]} 27. Nxh8 {[%emt 0:00:33]} 1-0

[Event "Fagernes GM Swiss 2020"]
[Site "Fagernes"]
[Date "2020.10.06"]
[Round "3.22"]
[White "Sorensen, Simen"]
[Black "Bjerke, Richard"]
[Result "1-0"]
[WhiteElo "2047"]
[BlackElo "2144"]
[Annotator "TA"]
[PlyCount "161"]
[EventDate "2020.10.04"]
[EventType "swiss"]
[EventCountry "NOR"]
[SourceTitle "playchess.com"]
[Source "ChessBase"]
[SourceQuality "1"]

{[%evp 20,161,19,16,4,16,24,30,18,25,43,-31,15,0,2,-22,14,10,13,16,27,-8,-8,-17,-8,-20,0,0,0,0,0,0,9,-10,24,0,0,0,0,0,0,0,0,0,0,0,0,0,0,0,0,0,0,0,0,0,0,0,0,0,8,11,12,12,218,223,212,205,219,210,273,278,270,264,281,281,281,281,266,254,253,254,356,351,316,270,270,270,270,270,270,270,270,270,270,270,270,270,270,270,270,270,270,270,270,270,270,270,29964,29966,29972,270,270,270,29975,29975,29968,0,0,0,2988,270,270,270,29976,270,29979,29980,29980,29981,29981,29982,29982,29978,29977,0,29982,29983,29983,29984,29984,29985,29985,29985]} 1. d4 Nf6 2. c4 e6 3. Nf3 b6 4. g3 Ba6 5. b3 Bb4+ 6. Bd2 Be7 7. Bg2 d5 8. cxd5 exd5 9. Nc3 Bb7 10. O-O O-O 11. Ne5 Re8 {E15: Queen's Indian: 4 g3 sidelines, 4 g3 Ba6 and 4 g3 Bb7 early deviations.} 12. Bf4 Na6 13. Rc1 c5 {White has an edge.} 14. e3 {[#]} Ne4 $146 ({Predecessor:} 14... Nc7 15. Nd3 Ne6 16. dxc5 bxc5 17. Be5 Rc8 18. Nf4 Nxf4 19. gxf4 Ne4 20. Nxe4 dxe4 {1-0 (28) Shomoev,A (2567)-Predojevic,B (2650) Moscow 2009}) 15. g4 (15. Nxe4 $14 dxe4 16. Qh5) 15... Bf6 16. Nxe4 (16. Nb5 {keeps more tension.} Be7 17. Nd3 g5 18. Bg3 Bf8 19. Qe2) 16... dxe4 17. Nc4 {Threatening Nd6.} Re6 {[%cal Rc5d4]} 18. dxc5 Nxc5 19. Qxd8+ Rxd8 20. Rfd1 (20. g5 $5 {[%cal Rg5f6]} Be7 21. Bh3 $14) 20... Nd3 21. Rc2 $1 Be7 22. Nb2 g5 23. Bg3 Nxb2 24. Rxd8+ Bxd8 25. Rxb2 Rc6 {Hoping for ...Rc1+.} 26. h3 Bc7 27. Bxc7 Rxc7 $11 {[%mdl 4096] Endgame KRB-KRB} 28. Rd2 Kg7 29. Kh2 Kf6 30. Kg3 Ke5 31. Rd8 Bd5 32. Re8+ Be6 33. Ra8 Rd7 34. Bh1 a5 35. Rb8 Rd6 36. Rb7 Bd5 37. Re7+ Kf6 38. Re8 Re6 39. Rh8 Kg7 40. Rd8 Bc6 41. Bg2 Bb5 $2 (41... h6 $11 {and Black stays safe.}) 42. Rd5 $1 $18 {[%csl LRb5,LRg5][%mdl 64] Double Attack} Bd3 43. Rxg5+ Kf8 44. Kf4 Rf6+ 45. Rf5 Re6 46. g5 h6 {[#]} 47. h4 $1 hxg5+ 48. hxg5 ({But not} 48. Rxg5 $6 Rh6 $16) 48... Kg7 49. a3 {[%cal Ba2a3,Ba3b4][%mdl 32]} Bc2 50. b4 axb4 (50... a4 {was worth a try.} 51. b5 Bd3) 51. axb4 Rc6 52. Rf6 ({Less strong is} 52. Bxe4 Bxe4 53. Kxe4 Rc4+ 54. Kd3 Rxb4 $18) 52... Rxf6+ 53. gxf6+ Kxf6 54. Bxe4 {KB-KB} Ba4 55. Bd5 Bb5 56. e4 Ba4 57. e5+ Ke7 58. Kg5 Bb5 59. f4 Ba4 60. f5 Bb5 61. f6+ Kf8 62. Kf4 Ba4 63. Ke3 Bb5 $2 (63... Bc2 $18 64. e6 fxe6 65. Bxe6 Bd1) 64. Kd4 Ba4 65. Be4 $2 (65. Kc4 Ke8 66. Bf3 Kd7 67. Bg4+ Ke8 68. Kd5 Kf8 69. Bf3 Bb5 70. Kd6) 65... Bb3 66. Bc6 Ba2 $2 (66... Be6 $18 67. Bb5 Kg8) 67. Bd5 Bb1 68. Kc4 (68. Kc3 $142 Kg8 69. Kc4 Ba2+ 70. Kd4 Bb1 71. e6 fxe6 72. Bxe6+ Kh7 73. Kd5) 68... Ba2+ 69. Kd4 Bb1 $1 70. e6 $2 (70. Kc3 {Kd4 is the strong threat.} Bf5 71. Kc4) 70... fxe6 71. Bxe6 Bg6 $2 (71... b5 $18 72. Bg4 Bc2) 72. Kd5 $2 (72. Bc4 {mates} Be8 73. Ke5 Bh5 74. Kd6 b5 75. Bxb5 Kf7 76. Bc4+ Kxf6 77. b5) 72... Be8 $2 (72... b5 $18 73. Ke5 Bh5) 73. Kd6 Ba4 74. Kc7 b5 75. Kb6 Ke8 76. Kc5 Kf8 77. Kb6 Ke8 78. Ka5 {White mates.} Kf8 {[#]} 79. Bc4 $1 {[%mdl 512]} Bd1 (79... bxc4 80. Kxa4) 80. Kxb5 Bf3 81. Kb6 {Accuracy: White = 83%, Black = 68%.} 1-0

[Event "Fagernes GM Swiss 2020"]
[Site "Fagernes"]
[Date "2020.10.06"]
[Round "3.23"]
[White "Kvendseth, Thyra"]
[Black "Bentsen, Hakon"]
[Result "0-1"]
[WhiteElo "2017"]
[BlackElo "2120"]
[Annotator "RC"]
[PlyCount "86"]
[EventDate "2020.10.04"]
[EventType "swiss"]
[EventCountry "NOR"]
[SourceTitle "playchess.com"]
[Source "ChessBase"]
[SourceQuality "1"]
[TimeControl "40/6000+30:2400+30"]

1. e4 {[%emt 0:00:00]} e5 {[%emt 0:00:00]} 2. Nf3 {[%emt 0:00:00]} Nc6 {[%emt 0:00:00]} 3. Bb5 {[%emt 0:00:00]} a6 {[%emt 0:00:00]} 4. Ba4 {[%emt 0:00:00]} Nf6 {[%emt 0:00:05]} 5. O-O {[%emt 0:00:22]} b5 {[%emt 0:00:09]} 6. Bb3 {[%emt 0:00:06]} Be7 {[%emt 0:00:41]} 7. Re1 {[%emt 0:01:31]} O-O {[%emt 0:00:17]} 8. c3 {[%emt 0:01:37]} d5 {[%emt 0:01:50]} 9. exd5 {[%emt 0:05:15]} Nxd5 {[%emt 0:00:07]} 10. d4 {[%emt 0:15:59]} exd4 {[%emt 0:01:38]} 11. Nxd4 {[%emt 0:00:11]} Nxd4 {[%emt 0:01:17]} 12. Qxd4 {[%emt 0:03:56]} Be6 {[%emt 0:05:19]} 13. Nd2 {[%emt 0:06:47]} c5 {[%emt 0:08:30]} 14. Qe4 {[%emt 0:02:43]} c4 {[%emt 0:00:09]} 15. Bc2 {[%emt 0:00:19]} Nf6 {[%emt 0:03:30]} 16. Qe2 {[%emt 0:04:51]} Qb6 {[%emt 0:03:48]} 17. Ne4 {[%emt 0:05:18]} Nxe4 {[%emt 0:00:58]} 18. Qxe4 {[%emt 0:00:13]} g6 {[%emt 0:00:06]} 19. Be3 {[%emt 0:07:58]} Bc5 {[%emt 0:00:16]} 20. Bxc5 {[%emt 0:03:32]} Qxc5 {[%emt 0:00:06]} 21. Qe5 {[%emt 0:06:03]} Qxe5 {[%emt 0:01:34]} 22. Rxe5 {[%emt 0:00:02]} Rad8 {[%emt 0:00:26]} 23. Re2 {[%emt 0:01:14]} Rd6 {[%emt 0:00:27]} 24. f3 {[%emt 0:02:55]} Rfd8 {[%emt 0:00:20]} 25. Kf2 {[%emt 0:00:08]} h5 {[%emt 0:01:07]} 26. Rae1 {[%emt 0:03:06]} Kg7 {[%emt 0:00:24]} 27. h4 {[%emt 0:00:34]} Kf6 {[%emt 0:00:38]} 28. Be4 {[%emt 0:07:46]} a5 {[%emt 0:04:06]} 29. a3 {[%emt 0:04:03]} b4 {[%emt 0:02:06]} 30. axb4 {[%emt 0:00:09]} axb4 {[%emt 0:00:05]} 31. cxb4 {[%emt 0:02:09]} Rb8 {[%emt 0:00:10]} 32. Rc1 {[%emt 0:00:36]} Rxb4 {[%emt 0:00:07]} 33. Rcc2 {[%emt 0:04:03]} Rd1 {[%emt 0:02:48]} 34. Red2 {[%emt 0:01:15]} Rxd2+ {[%emt 0:04:11]} 35. Rxd2 {[%emt 0:00:06]} Ke5 {[%emt 0:00:06]} 36. g3 {[%emt 0:05:57]} Rb6 {[%emt 0:03:51]} 37. Ke3 {[%emt 0:01:16]} Rb3+ {[%emt 0:00:07]} 38. Kf2 {[%emt 0:01:01]} Kf6 {[%emt 0:08:52]} 39. Bb1 {[%emt 0:05:40]} c3 {[%emt 0:00:25]} 40. Re2 {[%emt 0:00:50]} Rxb2 {[%emt 0:00:21]} 41. Bd3 {[%emt 0:40:38]} Bf5 {[%emt 0:41:19]} 42. Bxf5 {[%emt 0:00:31]} Kxf5 {[%emt 0:00:05]} 43. Ke3 {[%emt 0:00:45]} c2 {[%emt 0:00:20]} 0-1

[Event "Fagernes GM Swiss 2020"]
[Site "Fagernes"]
[Date "2020.10.06"]
[Round "3.24"]
[White "Fuglestein, Sander"]
[Black "Eliseev, Sergey"]
[Result "0-1"]
[WhiteElo "2109"]
[BlackElo "2025"]
[Annotator "TA"]
[PlyCount "58"]
[EventDate "2020.10.04"]
[EventType "swiss"]
[EventCountry "NOR"]
[SourceTitle "playchess.com"]
[Source "ChessBase"]
[SourceQuality "1"]

{[%evp 17,58,11,9,0,0,0,24,29,25,0,29,6,10,28,5,-5,6,-52,-46,-77,-69,-71,-19,-129,-125,-258,-251,-414,-404,-397,-390,-393,-390,-380,-376,-379,-385,-1333,-854,-1402,-1326,-1375,-1352]} 1. d4 Nf6 2. c4 e6 3. g3 d5 4. Nf3 Bb4+ 5. Bd2 Be7 6. Bg2 O-O 7. O-O c6 8. Qc2 Nbd7 9. b3 b6 10. Bf4 {E11: Bogo-Indian.} Bb7 11. Nc3 Nh5 12. Bc1 {White has an edge.} Nhf6 13. Bf4 Rc8 14. e4 c5 {[%cal Rf6e4]} 15. exd5 exd5 {[#]} 16. Nb5 $146 (16. Rad1 {is interesting.} Re8 17. cxd5 Nxd5 18. Nxd5 Bxd5 19. dxc5 Rxc5 20. Qd3) ({Predecessor:} 16. Rfd1 Re8 17. Bh3 cxd4 18. Nxd4 dxc4 19. Nf5 Bf8 20. Nd6 Bxd6 21. Bxd6 b5 22. Qf5 a6 23. Bb4 a5 24. Bd6 b4 25. Na4 c3 26. a3 c2 27. Rdc1 Ne5 {0-1 (25) Jumabayev,R (2555)-Khismatullin,D (2649) Moscow 2011}) 16... dxc4 17. bxc4 ({Better is} 17. Nxa7 $11 Ra8 18. Nb5) 17... cxd4 $15 18. Nfxd4 Bxg2 19. Kxg2 Nd5 (19... a6 $17 20. Nd6 Bxd6 21. Bxd6 Re8) 20. Bd2 (20. Bd6 $11 {remains equal.}) 20... Ne5 $17 {[#] Hoping for ...a6.} 21. Qf5 {This move loses the game for White.} (21. Qe4 $17 Nxc4 22. Rad1) 21... Nxc4 $19 22. Nxa7 $2 (22. Rad1 {might work better.} Rc5 23. Qf3) 22... Rc5 ({Not} 22... Nxd2 23. Nxc8 Bc5 24. Nc6 $17) 23. Nac6 Qd6 {Strongly threatening ...Nde3+!} 24. Nxe7+ Nxe7 25. Qf4 Qd5+ 26. Nf3 {Black must now prevent Bb4.} Ng6 27. Qg5 $2 (27. Qd4 Qxd4 {[%mdl 64] Overworked Piece} 28. Nxd4 Nxd2 29. Nb3 Nxb3 30. axb3) 27... Nge5 {Black is clearly winning.} 28. Bb4 Qxf3+ 29. Kg1 {[#]} Qc6 $1 {Accuracy: White = 33%, Black = 76%.} 0-1

[Event "Fagernes GM Swiss 2020"]
[Site "Fagernes"]
[Date "2020.10.06"]
[Round "4.1"]
[White "Urkedal, Frode Olav Olsen"]
[Black "Haldorsen, Benjamin"]
[Result "1-0"]
[WhiteElo "2549"]
[BlackElo "2469"]
[Annotator "TA"]
[PlyCount "89"]
[EventDate "2020.10.04"]
[EventType "swiss"]
[EventCountry "NOR"]
[SourceTitle "playchess.com"]
[Source "ChessBase"]
[SourceQuality "1"]

{[%evp 9,89,25,35,14,18,15,27,29,29,20,31,22,26,29,22,27,14,13,41,36,43,36,25,22,63,55,64,56,89,89,91,82,90,93,147,146,156,139,141,119,173,193,235,226,233,214,268,237,306,304,297,294,300,273,383,356,372,368,397,382,865,868,1033,1011,1011,1011,1011,924,928,827,2041,1864,3002,2418,12827,9638,12834,12834,12832,10621,5693,1867]} 1. d4 d5 2. c4 e6 3. Nc3 {[%cal Bb1c3,Bc3d5,Bd5f4][%mdl 32]} a6 4. cxd5 exd5 5. Qb3 c5 6. Qxd5 {D31: Queen's Gambit Declined: Semi-Slav without ...Nf6 (+ Marshall Gambit and Noteboom) and Exchange Variation lines without ...Nf6.} cxd4 7. Qxd8+ $1 Kxd8 8. Nd5 {White has an edge.} Be6 9. Nf4 Bb4+ 10. Bd2 Bxd2+ 11. Kxd2 Nf6 12. g3 Nc6 13. Bg2 Ke7 {[#]} 14. Nxe6 $5 $146 {[%mdl 8] An interesting novelty.} ({Predecessor:} 14. Nf3 Ne4+ 15. Ke1 Rac8 16. Nd2 Nc5 17. Nxe6 fxe6 18. Rb1 Rhd8 19. Ne4 Na4 20. Kd2 {½-½ (37) Kantor,G (2519)-Plenca,J (2487) Le Castella 2018}) 14... fxe6 15. Nh3 Rac8 16. Rhc1 Na5 17. b3 Rhd8 18. Ng5 {Threatens to win with Rxc8.} Rxc1 {White stays focused until the end.} 19. Rxc1 h6 20. Ne4 Nd5 21. Nc5 Rd6 {[#]} (21... Rc8 $142) 22. Bxd5 $1 $16 Rxd5 {[%mdl 4096] Endgame KRN-KRN} 23. b4 Nc6 {[#]} 24. Nxa6 $1 {[%mdl 512]} Kd6 (24... Rf5 $16) (24... bxa6 25. Rxc6) 25. Nc5 $18 Nxb4 26. Nxb7+ Ke7 27. Rc7+ Kf6 28. a4 g5 29. Rc4 Na6 30. Rc6 Nb8 31. Rd6 Ke5 (31... Rf5 $142 32. Kd3 Ke7) 32. Rxd5+ Kxd5 {KN-KN} 33. g4 Nc6 34. a5 {[%cal Ba4a5,Ba5a6][%mdl 32]} e5 $2 (34... Nb8 35. Nd8 Ke5) 35. a6 {White is clearly winning.} e4 {[#]} 36. Nd8 $1 {[%mdl 512]} Na7 (36... Nxd8 37. a7) 37. Nf7 Ke6 38. Nxh6 Ke5 39. h3 Kf4 40. Nf5 Ke5 41. e3 d3 42. h4 gxh4 43. Nxh4 Nc6 44. g5 Na7 45. f4+ {Accuracy: White = 98%, Black = 42%.} (45. f3 $142 Ke6 46. fxe4) 1-0

[Event "Fagernes GM Swiss 2020"]
[Site "Fagernes"]
[Date "2020.10.06"]
[Round "4.2"]
[White "Postny, Evgeny"]
[Black "Elsness, Frode"]
[Result "1-0"]
[WhiteElo "2603"]
[BlackElo "2454"]
[Annotator "TA"]
[PlyCount "65"]
[EventDate "2020.10.04"]
[EventType "swiss"]
[EventCountry "NOR"]
[SourceTitle "playchess.com"]
[Source "ChessBase"]
[SourceQuality "1"]

{[%evp 16,65,10,18,9,12,17,6,15,11,22,21,17,15,23,21,27,27,20,8,76,58,52,50,70,65,52,48,71,70,76,59,79,64,89,80,63,18,36,17,17,20,14,0,124,116,5565,5506,5473,0,5414,2154]} 1. d4 d5 2. c4 c6 3. Nf3 Nf6 4. Qc2 dxc4 5. Qxc4 Bf5 6. g3 e6 7. Bg2 Be7 8. O-O Nbd7 9. e3 O-O {D23: Queen's Gambit Accepted: 3 Nf3 Nf6 sidelines.} 10. Qe2 Bg6 {[#]} 11. h3 $1 $146 {[%mdl 8] An important novelty.} ({Predecessor:} 11. Rd1 Ne4 12. Nfd2 Nxd2 13. Bxd2 e5 14. Bc3 e4 15. d5 cxd5 16. Rxd5 Qc7 17. Nd2 {0-1 (40) Delchev,A (2552)-Rusev,K (2520) Skopje 2018}) 11... Rc8 {The position is equal.} 12. Rd1 Ne4 13. Nfd2 Nxd2 14. Bxd2 c5 15. Nc3 Bf6 16. d5 exd5 17. Bxd5 Qc7 (17... b5 $11) 18. e4 Bxc3 19. Bxc3 Nb6 20. Ba5 Rfe8 21. Rd3 Bf5 22. Qf3 Be6 23. Rad1 Bxd5 24. Rxd5 Re7 25. Qf5 g6 26. Qg5 Rxe4 27. Rd8+ Re8 28. Rxe8+ Rxe8 29. Bc3 {Strongly threatening Qf6.} Qc6 (29... Nd7 $11) 30. Rd8 $40 {[%mdl 1152] Threatening mate with Qe7. White has strong compensation. White wants a kill.} Na4 $2 {[%mdl 8192] [#]} (30... f6 $16 31. Rxe8+ (31. Qxf6 Qxf6 32. Rxe8+ Kf7 $11) (31. Bxf6 Rxd8 32. Bxd8 Qd5 $11) 31... Kf7) 31. Qe5 $1 {[%csl Gc3][%cal Re5h8][%mdl 512]} Kf8 32. Qh8+ {[%mdl 64] Double Attack} Ke7 {[#]} 33. Bf6+ $1 {[%mdl 512] Accuracy: White = 95%, Black = 73%.} 1-0

[Event "Fagernes GM Swiss 2020"]
[Site "Fagernes"]
[Date "2020.10.06"]
[Round "4.3"]
[White "Starostits, Ilmars"]
[Black "Haug, Johannes"]
[Result "1/2-1/2"]
[WhiteElo "2464"]
[BlackElo "2481"]
[Annotator "TA"]
[PlyCount "42"]
[EventDate "2020.10.04"]
[EventType "swiss"]
[EventCountry "NOR"]
[SourceTitle "playchess.com"]
[Source "ChessBase"]
[SourceQuality "1"]

{[%evp 18,23,0,-1,-6,-10,6,9]} 1. d4 Nf6 2. Nf3 e6 3. e3 d5 4. Bd3 b6 5. O-O Bb7 6. b3 Bd6 7. Bb2 O-O 8. Ne5 Nbd7 9. f4 Ne4 10. Nd2 {The position is equal.} Nxd2 {D05: Colle System with ...e6.} 11. Qxd2 f6 12. Nxd7 {[#] A rather calm draw.} {Predecessor:} Qxd7 $146 13. c4 f5 14. Rac1 Qe7 15. Qc2 c5 16. cxd5 Bxd5 17. Qe2 Rae8 18. Bb5 Rc8 19. Rc2 cxd4 20. Bxd4 Be4 21. Rc4 Bd5 {½-½ (21) Sprott,G-Coll,F corr 1990} 1/2-1/2